[Event "Florianopolis op 10th"]
[Site "Florianopolis"]
[Date "2024.01.22"]
[Round "4"]
[White "Cabral, Vivian De Paiva"]
[Black "Dos Santos, Leonardo Lopes"]
[Result "1-0"]
[WhiteElo "1358"]
[BlackElo "1664"]
[PlyCount "58"]
[EventDate "2024.01.20"]
[EventType "swiss"]
[EventRounds "10"]
[EventCountry "BRA"]
[SourceTitle "CB05_2024"]
[SourceDate "2024.01.31"]
[SourceVersion "1"]
[SourceVersionDate "2024.01.31"]
[SourceQuality "1"]

1. e4 e5 2. Nf3 Nc6 3. Nc3 Nf6 4. d3 Bc5 5. Be2 0-0 6. 0-0 d5 7. exd5 Nxd5 8. Ne4 Be7 9. Re1 f6 10. c3 Re8 11. d4 exd4 12. Nxd4 Nxd4 13. Qxd4 Kh8 14. Bh5 g6 15. Bf3 c5 16. Qd1 Be6 17. Ng3 Bf7 18. Bh6 Bf8 19. Rxe8 Qxe8 20. Bxf8 Qxf8 21. Bxd5 Rd8 22. c4 h5 23. Qf3 Bxd5 24. cxd5 h4 25. Ne2 f5 26. Nf4 Qf6 27. Rd1 Kg7 28. Ne6+ Kh7 29. Nxd8 Qxd8 1-0

[Event "Florianopolis op 10th"]
[Site "Florianopolis"]
[Date "2024.01.22"]
[Round "3"]
[White "Silva, Gabryel Lunardi Car"]
[Black "Cabral, Vivian De Paiva"]
[Result "1-0"]
[WhiteElo "1790"]
[BlackElo "1358"]
[PlyCount "71"]
[EventDate "2024.01.20"]
[EventType "swiss"]
[EventRounds "10"]
[EventCountry "BRA"]
[SourceTitle "CB05_2024"]
[SourceDate "2024.01.31"]
[SourceVersion "1"]
[SourceVersionDate "2024.01.31"]
[SourceQuality "1"]

1. e4 c5 2. Nf3 Nc6 3. d4 cxd4 4. Nxd4 Nf6 5. Nc3 e6 6. Nxc6 bxc6 7. e5 Bb4 8. exf6 Qxf6 9. Bd2 d5 10. g3 Rb8 11. Qe2 0-0 12. Bg2 Bc5 13. 0-0 Qg6 14. Bc1 Re8 15. b3 e5 16. Bb2 Bg4 17. Qd2 h5 18. Na4 Bf8 19. Rfe1 Qd6 20. c4 d4 21. c5 Qf6 22. f4 Rbd8 23. fxe5 Rxe5 24. Rxe5 Qxe5 25. Re1 Qf5 26. Be4 Qd7 27. b4 Be7 28. Qd3 Bg5 29. Bc1 Bf6 30. Nb2 h4 31. Nc4 g6 32. Na5 Rc8 33. Nc4 Be7 34. Bxg6 fxg6 35. Qxg6+ Kh8 36. Ne5 1-0

[Event "Florianopolis op 10th"]
[Site "Florianopolis"]
[Date "2024.01.21"]
[Round "2"]
[White "Cabral, Vivian De Paiva"]
[Black "Rodrigues, Natanael Isau Braz"]
[Result "1-0"]
[WhiteElo "1358"]
[BlackElo "1704"]
[PlyCount "45"]
[EventDate "2024.01.20"]
[EventType "swiss"]
[EventRounds "10"]
[EventCountry "BRA"]
[SourceTitle "CB05_2024"]
[SourceDate "2024.01.31"]
[SourceVersion "1"]
[SourceVersionDate "2024.01.31"]
[SourceQuality "1"]

1. e4 b6 2. Nc3 Bb7 3. d4 e6 4. Bd3 g6 5. Nf3 Bg7 6. Be3 a6 7. Qd2 b5 8. a3 d6 9. Ne2 h6 10. Ng3 Nd7 11. c4 bxc4 12. Bxc4 d5 13. exd5 exd5 14. Bd3 Ne7 15. Rc1 Nc6 16. 0-0 h5 17. Bg5 Qb8 18. Rfe1+ Kf8 19. Bc2 Bc8 20. Ba4 Na7 21. Qe2 Bf6 22. Bxd7 Bxg5 23. Nxg5 1-0

[Event "Florianopolis op 8th"]
[Site "Florianopolis"]
[Date "2022.01.27"]
[Round "5"]
[White "Martins de Aguiar, Marina"]
[Black "Cabral, Vivian De Paiva"]
[Result "1-0"]
[WhiteElo "1793"]
[BlackElo "1295"]
[PlyCount "63"]
[EventDate "2022.01.24"]
[EventType "swiss"]
[EventRounds "10"]
[EventCountry "BRA"]
[SourceTitle "CBM 206 Extra"]
[Source "ChessBase"]
[SourceDate "2022.03.31"]
[SourceVersion "1"]
[SourceVersionDate "2022.03.31"]
[SourceQuality "1"]

1. e4 c5 2. Nf3 d6 3. d4 cxd4 4. Nxd4 Nf6 5. Nc3 a6 6. Be3 e5 7. Nb3 Be6 8. Qd2 Be7 9. f3 b5 10. g4 0-0 11. g5 Nh5 12. 0-0-0 Nc6 13. Kb1 f5 14. exf5 Rxf5 15. Bh3 Rf8 16. Bxe6+ Kh8 17. Nd5 a5 18. Nxe7 Qxe7 19. Qxd6 Qxd6 20. Rxd6 Nd8 21. Bg4 Nf4 22. Bxf4 Rxf4 23. Rhd1 Nf7 24. Rd7 Nxg5 25. Rd8+ Rf8 26. Rxf8+ Rxf8 27. h4 Nf7 28. Nxa5 g6 29. Nc6 Kg7 30. h5 Ng5 31. hxg6 hxg6 32. Nxe5 1-0